| 000 | 00981nam a22002417a 4500 | ||
|---|---|---|---|
| 999 |
_c7306 _d7306 |
||
| 003 | AR-CdUCM | ||
| 008 | 190320b ||||| |||| 00| 0 ita d | ||
| 020 | _a88-422-0072-7 | ||
| 040 |
_aMUNICIPALIDAD PROVINCIAL DEL CUSCO _cBIBLIOTECA MUNICIPAL DEL CUSCO |
||
| 082 |
_a709 / _bA47 |
||
| 110 |
_aFondazione Guido Ed Ettore de Fornaris _920608 |
||
| 245 |
_aArte Moderna a Torino : _bOpere d'arte acquisite per la galleria civica d'arte moderna |
||
| 260 |
_aMilán : _bUmberto Allemandi & C. _c1986. |
||
| 300 |
_a355 páginas ; _bIlustraciones en color, _c31 cm. |
||
| 505 | _aContenido : Diego Novelli, Prefacione. -- Rosanna Maggio Serra, <<Ettore De Fornaris artista, collezionista, mecenate>> -- Statuto della Fondacione Guido ed Ettore De Fornaris -- Tavole a colori... | ||
| 650 |
_aArte Italiano _920609 |
||
| 650 |
_aPintura _93081 |
||
| 650 |
_aOleo _915938 |
||
| 650 |
_aEscultura _913152 |
||
| 700 |
_aDiego Novelli _920610 |
||
| 942 |
_2ddc _cLIBROS |
||
| 945 | _admma | ||